Fleet Foxes Songs - Statistics

General Stats
  • This quiz has been taken 112 times
  • The average score is 38 of 60
Answer Stats
Answer % Correct
Helplessness Blues
91%
Mykonos
91%
White Winter Hymnal
91%
Blue Ridge Mountains
89%
Ragged Wood
87%
Montezuma
84%
Shore
82%
Sun Giant
82%
Crack-Up
78%
Oliver James
78%
Sun It Rises
78%
Wading in Waist-High Water
78%
Can I Believe You
76%
Grown Ocean
76%
The Shrine / An Argument
76%
Sunblind
73%
He Doesn't Know Why
71%
Jara
71%
Tiger Mountain Peasant Song
71%
Blue Spotted Tail
69%
Cassius, –
69%
Featherweight
69%
Third of May / Ōdaigahara
69%
I Am All That I Need / Arroyo Seco / Thumbprint Scar
67%
Sim Sala Bim
67%
Your Protector
67%
Bedouin Dress
64%
If You Need To, Keep Time on Me
64%
Battery Kinzie
62%
English House
62%
Fool's Errand
62%
Lorelai
62%
Meadowlarks
62%
A Long Way Past the Past
60%
Going-to-the-Sun Road
60%
The Cascades
60%
Maestranza
58%
Mearcstapa
58%
– Naiads, Cassadies
58%
Quiet Houses
58%
The Plains / Bitter Dancer
58%
Young Man's Game
58%
I Should See Memphis
56%
On Another Ocean (January / June)
56%
For a Week or Two
53%
I'm Not My Season
53%
Kept Woman
53%
Someone You'd Admire
53%
Drops in the River
51%
Cradling Mother, Cradling Woman
49%
Textbook Love
49%
Thymia
49%
Quiet Air / Gioia
47%
Heard Them Stirring
44%
Icicle Tusk
44%
In the Hot Hot Rays
44%
She Got Dressed
42%
Innocent Son
38%
So Long to the Headstrong
33%
Anyone Who's Anyone
31%
No matching quizzes found
Score Distribution
Percent of People with Each Score
Percentile by Number Answered
Your Score History
You have not taken this quiz